| 000 | 00324nam a22001217a 4500 | ||
|---|---|---|---|
| 020 | _a1861001339 | ||
| 082 |
_222 _a005.133 |
||
| 100 | _aLiberty, Jesse. | ||
| 245 | _aBeginning object oriented analysis and design with C++ / | ||
| 260 |
_aUK, _bWrex Press, _cc1998. |
||
| 300 |
_axix, 359p. ; _bill. ; _c23 cm. |
||
| 942 |
_2ddc _cIT |
||
| 999 |
_c1791 _d1791 |
||